Real Happiness : (Record no. 182255)

MARC details
000 -LEADER
fixed length control field 01210nam a2200265 i 4500
003 - CONTROL NUMBER IDENTIFIER
control field OSt
005 - DATE AND TIME OF LATEST TRANSACTION
control field 20210225104922.0
008 - FIXED-LENGTH DATA ELEMENTS--GENERAL INFORMATION
fixed length control field 210225t20192019nyu er 000 0 eng d
020 ## - INTERNATIONAL STANDARD BOOK NUMBER
International Standard Book Number 9781523510122
Terms of availability RM79.95
Qualifying information paperback
040 ## - CATALOGING SOURCE
Original cataloging agency PPAK
Language of cataloging eng
Transcribing agency PPAK
Description conventions rda
082 04 - DEWEY DECIMAL CLASSIFICATION NUMBER
Edition number 23
Classification number 204.35
090 00 - LOCALLY ASSIGNED LC-TYPE CALL NUMBER (OCLC); LOCAL CALL NUMBER (RLIN)
Classification number (OCLC) (R) ; Classification number, CALL (RLIN) (NR) 204.35
Feature heading SAL
Feature heading G
100 1# - MAIN ENTRY--PERSONAL NAME
Personal name Salzberg, Sharon,
Relator term author.
245 10 - TITLE STATEMENT
Title Real Happiness :
Remainder of title A 28-Day Program to Realize the Power of Meditation /
Statement of responsibility, etc. Sharon Salzberg
250 ## - EDITION STATEMENT
Edition statement 10TH ANNIVERSARY EDITION
264 #1 - PRODUCTION, PUBLICATION, DISTRIBUTION, MANUFACTURE, AND COPYRIGHT NOTICE
Place of production, publication, distribution, manufacture New York :
Name of producer, publisher, distributor, manufacturer Workman Publishing,
Date of production, publication, distribution, manufacture, or copyright notice [2019]
Date of production, publication, distribution, manufacture, or copyright notice ©2019
300 ## - PHYSICAL DESCRIPTION
Extent 223 pages ;
Dimensions 21 cm
336 ## - CONTENT TYPE
Source rdacontent
Content type term text
337 ## - MEDIA TYPE
Source rdamedia
Media type term unmediated
338 ## - CARRIER TYPE
Source rdacarrier
Carrier type term volume
505 ## - FORMATTED CONTENTS NOTE
Title What is meditation? or, If you can breathe, you can meditate --<br/>
-- Why meditate? : the benefits and science of meditation --<br/>
-- Concentration : breathing and the art of starting over --
-- Mindfulness and the body : letting go of burdens --<br/>
-- Mindfulness and emotions : dealing with thoughts and feelings --<br/>
-- Lovingkindness : cultivating compassion and true happiness --<br/>
-- Keeping the practice going : "just put your body there."
650 10 - SUBJECT ADDED ENTRY--TOPICAL TERM
Topical term or geographic name entry element Meditation
942 ## - ADDED ENTRY ELEMENTS (KOHA)
Source of classification or shelving scheme Dewey Decimal Classification
Koha item type Book
Holdings
Withdrawn Not for loan Current library Shelving location Date acquired Total Checkouts Total Renewals Full call number Barcode Date last seen Date last checked out Koha item type
    Perpustakaan Alor Setar Pinjaman Dewasa 07/03/2021 9 2 204.35 SAL A01679397 07/09/2024 17/08/2024 Book
    Perpustakaan Awam Sungai Petani Pinjaman Dewasa 07/03/2021 2   204.35 SAL A01679398 30/04/2024 08/04/2024 Book
    Perpustakaan Baling Pinjaman Dewasa 07/03/2021     204.35 SAL A01679400 07/03/2021   Book
    Perpustakaan Kulim Pinjaman Dewasa 07/03/2021 2 1 204.35 SAL A01679399 25/03/2026 03/03/2026 Book